000 nam a22 a 4500
999 _c121231
_d121231
003 BLK
005 20230406131656.0
008 180409b bul|||||r ||||||| ||bul||
010 _aKNG00126853000
020 _a954-566-002-3
040 _aBLK
041 _aBUL
_cBUL
072 7 _2bullib
_aЯ
_xАвтографи
080 _aКраезнание
_b908
_x(497.21-21)
_z908(497.21-21)
100 1 _aАнтонова, Евгения Ив.
_eпърви автор
_9317016
139 _aАнтонова, Евгения Ив. и др.
_bА 75
245 1 0 _aИстини, сплетени от вековете - Две могили, Русенска обл.
_bИзследване
_cЕвгения Ив. Антонова; съавт. Александър Атанасов Антонов.
257 _aBGR
260 _aСофия
_bЦанко Церковски
_c1992
_9211742
_n954-566-
300 _a423 с. , 16 л.
_bил.
_c20 см
380 _a9
500 _aБиблиогр. с. 414-415 и под линия. - Офс. изд.
650 4 _aГрадове, български - история
_9243670
650 4 _aДве могили, Русенска област
_9152873
651 4 _aБългария
_9241624
651 4 _aДве могили
_9178804
651 4 _aРусенско
_9179464
653 _aДве могили
653 _aистория
653 _aградове
653 _aкраезнание
659 _aЯ
700 1 _aАнтонов, Александър Атанасов
_eсъавт.
_9376953
852 _aЦб 172530
_bЦб
856 4 _qpdf
_i0.00
_ldisable
856 4 _qpdf
_i0.00
_ldisable
942 _cKNG
_n0
_02
_s1
944 _aCR
_c02.02.2012
_l02.02.2012 - от С1,Р / 02.02.2012
_kВиолета_Тройчева
944 _aED
_c02.02.2012
_l02.02.2012 - от С1,Р / 02.02.2012
999 _d121231